Logo BPK

Biblioteka

Politechniki Koszalińskiej

Mały poradnik mechanika : (Rekord nr 4144)

Szczegóły MARC
000 -ETYKIETA REKORDU
podpole kontrolne o stałej długości 01864nam a2200457 i 4500
001 - NUMER KONTROLNY REKORDU
pole kontrolne 4144
003 - IDENTYFIKATOR NUMERU KONTROLNEGO REKORDU
podpole kontrolne KOSZ 005
005 - DATA OSTATNIEJ MODYFIKACJI REKORDU
podpole kontrolne 20200515141829.0
008 - POLE O STAŁEJ DŁUGOŚCI - DANE KONTROLNE
podpole kontrolne o stałej długości 200515s1988 pl a f f 001 0 pol
015 ## - NUMER BIBLIOGRAFII NARODOWEJ
Numer bibliografii narodowej PB 1988/10050
020 ## - MIĘDZYNARODOWY ZNORMALIZOWANY NUMER KSIĄŻKI - ISBN
ISBN 8320409780
040 ## - ŹRÓDŁO KATALOGOWANIA
Instytucja, która sporządziła opis WA N
Instytucja, która utworzyła rekord WA N
Instytucja, która dokonała modyfikacji KOSZ 005/RW
046 ## - DATY KODOWANE
Pojedyncza data lub początek okresu powstania dzieła lub zbioru dzieł 1988
080 ## - UNIWERSALNA KLASYFIKACJA DZIESIĘTNA - UKD
UKD 621
080 ## - UNIWERSALNA KLASYFIKACJA DZIESIĘTNA - UKD
UKD 51
080 ## - UNIWERSALNA KLASYFIKACJA DZIESIĘTNA - UKD
UKD 53
080 ## - UNIWERSALNA KLASYFIKACJA DZIESIĘTNA - UKD
UKD (083)
245 00 - TYTUŁ/ODPOWIEDZIALNOŚĆ
Tytuł Mały poradnik mechanika :
Ciąg dalszy tytułu praca zbiorowa.
Oznaczenie części/sekcji dzieła T. 1,
Tytuł części/sekcji dzieła Nauki matematyczno-fizyczne ; Materiałoznawstwo /
Pozostałe elementy strefy tytułu i oznaczenia odpowiedzialności [autorzy Zdzisław Bańkowski et al.].
246 #3 - WARIANT TYTUŁU
Tytuł Nauki matematyczno-fizyczne, materiałoznawstwo
250 ## - STREFA WYDANIA
Oznaczenie wydania Wydanie 17 poprawione i uaktualnione.
260 ## - STREFA ADRESU WYDAWNICZEGO
Miejsce wydania Warszawa :
Nazwa wydawcy/dystrybutora Wydawnictwa Naukowo-Techniczne,
Data publikacji, dystrybucji/powstania dokumentu 1988.
300 ## - STREFA OPISU FIZYCZNEGO
Objętość 676, [2] stron :
Inne cechy fizyczne fotografie, rysunki, wykresy ;
Rozmiary 21 cm.
336 ## - TYP ZAWARTOŚCI
Termin opisujący typ zawartości Tekst
Kod określający zawartość txt
Źródło (terminu i kodu) rdacontent
337 ## - TYP MEDIÓW
Tryb odtwarzania Bez urządzenia pośredniczącego
Kod typu mediów n
Źródło (terminu i kodu) rdamedia
338 ## - TYP/RODZAJ NOŚNIKA
Hasło opisujące typ nośnika Wolumin
Kod typu nośnika nc
Źródło (terminu i kodu) rdacarrier
380 ## - FORMA I TYP PUBLIKACJI
Forma i typ publikacji Książki
380 ## - FORMA I TYP PUBLIKACJI
Forma i typ publikacji Publikacje fachowe
380 ## - FORMA I TYP PUBLIKACJI
Forma i typ publikacji Publikacje dydaktyczne
388 ## - CZAS POWSTANIA
Czas powstania 1901-2000
388 ## - CZAS POWSTANIA
Czas powstania 1945-1989
504 ## - UWAGA DOTYCZĄCA BIBLIOGRAFII
Informacje o bibliografii Bibliografia przy rozdziałach. Indeksy.
521 8# - UWAGA DOTYCZĄCA PRZEZNACZENIA CZYTELNICZEGO
Przeznaczenie czytelnicze Poradnik jest przeznaczony dla techników mechaników oraz może stanowić pomoc w nauce dla uczniów średnich szkół technicznych i słuchaczy kursów dokształcających o kierunku mechanicznym. Książka może również stanowić cenną pomoc dla techników wszystkich innych specjalności.
650 #7 - HASŁO PRZEDMIOTOWE W FORMIE NAZWY OGÓLNEJ LUB JEDNOSTKOWEJ
Nazwa ogólna lub geograficzna Materiałoznawstwo
650 #7 - HASŁO PRZEDMIOTOWE W FORMIE NAZWY OGÓLNEJ LUB JEDNOSTKOWEJ
Nazwa ogólna lub geograficzna Mechanika
655 #7 - TERMIN INDEKSOWY - OKREŚLENIE RODZAJU/FORMY DOKUMENTU
Określenie rodzaju/formy dokumentu Poradnik
658 ## - TERMIN INDEKSOWY - PRZEDMIOT PROGRAMU NAUCZANIA
Główny przedmiot programu nauczania Inżynieria i technika
700 1# - HASŁO DODATKOWE - NAZWA OSOBOWA
Nazwa osobowa Bańkowski, Zdzisław
Dopowiedzenie (nauki techniczne)
Określenie związku między hasłem a opisywanym materiałem Autor
710 2# - HASŁO DODATKOWE - NAZWA CIAŁA ZBIOROWEGO
Nazwa ciała zbiorowego lub jednostki geograficznej Wydawnictwa Naukowo-Techniczne
Kod określenia powiązania pbl.
856 ## - LOKALIZACJA I DOSTĘP DO ELEKTRONICZNYCH DOKUMENTÓW ZDALNYCH
Link (URL) http://koha.tu.koszalin.pl/cgi-bin/koha/opac-detail.pl?biblionumber=4144
Tekst linku Katalog online BPK
942 ## - DODATKOWE ELEMENTY (KOHA)
Schemat klasyfikacji Uniwersalna Klasyfikacja Dziesiętna
Typ dokumentu Książka
Egzemplarze
Wycofany Status egzemplarza Uszkodzony Dostępność Lokalizacja stała Lokalizacja bieżąca Miejsce przechowywania Sygnatura Kod kreskowy Typ dokumentu Ostatnio wypożyczono
      Dostępny Biblioteka Politechniki Koszalińskiej Biblioteka Politechniki Koszalińskiej Wypożyczalnia BG P 39862 02058115 Książka  
      Dostępny Biblioteka Politechniki Koszalińskiej Biblioteka Politechniki Koszalińskiej Wypożyczalnia BG P 39862/L 02251882 Książka 12.02.2019
© 2023 Biblioteka Politechniki Koszalińskiej :: KOHA